|
|
|
|
| LEADER |
01038nam a22002291 4500 |
| 001 |
c000347799 |
| 003 |
CARM |
| 005 |
00000000000000.0 |
| 008 |
851003s1973 gw 0 ger d |
| 019 |
1 |
|
|a 3975777
|5 LACONCORD2021
|
| 035 |
|
|
|a (OCoLC)818271
|5 LACONCORD2021
|
| 100 |
1 |
|
|a Hinske, Norbert.
|
| 245 |
1 |
0 |
|a Was ist Aufklarung? :
|b Beitrage aus der BERLINISCHEN MONATSSCHRIFT. In Zusammenarbeit mit M.Albrecht ausgewahlt /
|c eingeleitet und mit Anmerkungen versehen von N.Hinske.
|
| 260 |
|
|
|a Darmstadt :
|b Wissenschaftliche Buchgesellschaft,
|c 1973.
|
| 500 |
|
|
|a Facsim. reprints of contributions to the Berlinische Monatsschrift, vols.1-7, 1783-1786.
|
| 650 |
|
0 |
|a German prose literature
|y 18th century.
|
| 650 |
|
0 |
|a Enlightenment.
|
| 730 |
|
|
|a Berlinische Monatsschrift.
|
| 852 |
8 |
|
|b CARM
|h A1:AL21A0
|i A05301
|p 0451999
|f BK
|
| 082 |
0 |
4 |
|a 838.608
|
| 999 |
f |
f |
|i 3786b424-cc8e-5381-a7e3-af53d69c2819
|s 9ce7732b-4c6f-50de-959a-29fdd87c5373
|
| 952 |
f |
f |
|p Can circulate
|a CAVAL
|b CAVAL
|c CAVAL
|d CARM 1 Store
|e A05301
|f A1:AL21A0
|h Other scheme
|i book
|m 0451999
|